Συντακτικό της αρχαίας Ελληνικής γλώσσας : (λεπτομερής περιγραφή των συντακτικών φαινομένων)
Αποθηκεύτηκε σε:
| Κύριος συγγραφέας: | |
|---|---|
| Μορφή: | Βιβλίο |
| Γλώσσα: | Greek |
| Δημοσίευση: |
Πειραιάς :
Βολονάκης,
1994
|
| Θέματα: | |
| Ετικέτες: |
Προσθήκη ετικέτας
Δεν υπάρχουν, Καταχωρήστε ετικέτα πρώτοι!
|
MARC
| LEADER | 00000nam a2200000 i 4500 | ||
|---|---|---|---|
| 001 | 1/75877 | ||
| 008 | 980702s1994 gre d | ||
| 035 | |l 10032246 | ||
| 040 | |a GR-MY-UA |b gre |e aacr | ||
| 041 | 0 | |a gre | |
| 082 | 0 | |a 485 | |
| 100 | 1 | |a Βολονάκης, Ελευθέριος Κ. | |
| 245 | 1 | 0 | |a Συντακτικό της αρχαίας Ελληνικής γλώσσας : |b (λεπτομερής περιγραφή των συντακτικών φαινομένων) / |c Ελ. Κ. Βολονάκη |
| 260 | |a Πειραιάς : |b Βολονάκης, |c 1994 | ||
| 300 | |a 452 σ. | ||
| 650 | 0 | 0 | |a Greek language, Hellenistic (300 B.C.-600 A.D.) |x Syntax. |
| 852 | |a INST |b RHODES |e 19980702 |h 485 ΒΟΛ |p 005400006267 |q 005400006267 |t BK |y 0 | ||
| 901 | |a BIBL-1998-2 | ||
| 909 | |a Ρ |b 053702 | ||
| 922 | |a 4ΕΛΗ |b 199802 |c ΚΠΣ/ΔΕ |d EMVASIS | ||
| 970 | |a ΧΟΡΟΖΙΔΟΥ |b ΤΖΕΝΗ |z 2000/05/25 | ||